000 01888nam a2200253Ia 4500
999 _c37970
_d37970
001 3952
003 GE_BSU
005 20190912160547.0
008 181216s2009||||ge |||||||||||||| ||geo||
040 _cGE_BSU
041 _ageo
080 _a33(479.223) ა–95
245 _aაჭარის სოციალურ-ეკონომიკური პრობლემები = Social-Economical Problems of Adjara = Социально-Экономические Проблемы Аджарии :
_bსტატიების კრებული ; ტ. 11 /
_cსაქართველოს განათლებისა და მეცნიერების სამინისტრო ; ნიკო ბერძენიშვილის ინსტიტუტი; რედაქტორი: ჟანი მიქაშვიძე.
264 _aბათუმი :
_bშოთა რუსთაველის სახელმწიფო უნივერსიტეტი,
_c2009.
300 _a217 გვ. ;
_b21 სმ.
501 _aპარალელური თავფურცელი ქართ., ინგლ. და რუს. ენებზე.
520 _aსტატიების ბოლოს რეზიუმე ინგლ. და რუს. ენებზე.
541 _h5 ლ. 30 თ.
653 _aაჭარის სოციალურ–ეკონომიკური პრობლემები. XI.
700 _aმიქაშავიძე, ჟანი
_eრედაქტორი
_92700
710 _aსაქართველოს განათლებისა და მეცნიერების სამინისტრო
_91898
710 _aნიკო ბერძენიშვილის ინსტიტუტი
_93973
942 _cBK
_2udc